| 000 | 00527nam a2200193Ia 4500 | ||
|---|---|---|---|
| 003 | OSt | ||
| 005 | 20230530145826.0 | ||
| 008 | 210423s2008 xx 000 0 und d | ||
| 040 | _cAL | ||
| 041 | _aeng | ||
| 082 | _a510 BOST | ||
| 100 |
_aBOSCO (S S) _9117075 |
||
| 245 |
_aTheory and problems in mathematics _bFirst PUC text book |
||
| 260 |
_aMangalore _bBoscoss Publications _c2008 |
||
| 300 |
_a410 _bPB |
||
| 650 |
_aMathematics _9117076 |
||
| 906 | _aFirst ; mathematics ; problems ; puc ; Theory | ||
| 942 |
_2ddc _cBK |
||
| 999 |
_c168440 _d168440 |
||